000 01244nam a2200241Ia 4500
003 PE SENCICO BE
005 20251020182439.0
008 200515s9999 xx 000 0 und d
020 _a968-6062-98-X
040 _aPE SENCICO BE
_cPE SENCICO BE
082 _a526.9
_bB21
100 1 _aBannister, A.
_93237
_eautor
245 1 0 _aTécnicas modernas en topografía /
_cA. Bannister, S. Raymond
260 _aMéxico, D.F. :
_bRepresentación y Servicios de Ingeniería ;
_c1987
300 _a514 páginas :
_bilustraciones, tablas, gráficos ;
_c23 cm.
505 0 _aLevantamiento con longímetro -- Nivelación -- El teodolito y su uso -- Medición óptica de distancias -- Medición electrónica y electróptica de distancias -- Métodos de levantamiento horizontal -- Áreas y volúmenes -- Trazo de curvas -- Análisis y ajuste de mediciones -- Orientación y posición -- Levantamientos hidrográficos -- Fotogrametría
520 3 _aDocumento actualizado sobre el estudio de la topografía. Contiene temas de los recientes avances tecnológicos en topografía.
650 1 0 _aTopografía
_94
650 2 0 _aFotogrametría
_9120
650 2 0 _aNivelación de terrenos
_93229
700 1 _93238
_aRaymond, S.
_eautor
942 _cLIB
_2ddc
999 _c480
_d480